Statistics for Monaco First Level Subdivisions

Click here to take the quiz!

General Stats

  • This quiz has been taken 33 times
    (30 since last reset)
  • The average score is 3 of 10

Answer Stats

Quartiers% Correct
Monte Carlo / Spélugues
80%
Monaco-Ville
80%
Saint Michel
27%
Fontvieille
20%
La Condamine
20%
La Rousse/ Saint Roman
20%
Moneghetti / Boulevard de Belgique
20%
La Colle
13%
Larvotto / Bas Moulins
13%
Les Révoires
7%

Score Distribution

Percentile by Number Answered

Percent of People with Each Score

Your Score History

You have not taken this quiz since the last reset